Paul Simon - One-Trick Pony (Tracks) - Statistics

General Stats
  • This quiz has been taken 7 times
  • The average score is 5 of 10
Answer Stats
Track Number Track Name % Correct
6 Ace in the Hole
100%
3 One-Trick Pony
100%
5 Oh, Marion
60%
4 How the Heart Approaches What It Yearns
40%
8 Jonah
40%
1 Late in the Evening
40%
9 God Bless the Absentee
20%
10 Long, Long Day
20%
7 Nobody
20%
2 That's Why God Made the Movies
20%
No matching quizzes found
Score Distribution
Percent of People with Each Score
Percentile by Number Answered
Your Score History
You have not taken this quiz